| 000 | 00376nam a2200133Ia 4500 | ||
|---|---|---|---|
| 001 | 3270 | ||
| 008 | 241024s9999 xx 000 0 und d | ||
| 082 | _aRD/610/SE456r/2012 | ||
| 100 | _aSeguro Médico para Maestros, SEMMA | ||
| 245 | 0 | _aRetiro de buzones sobre levantamiento de información | |
| 260 |
_bSanto Domingo _c2012 |
||
| 901 | _a9/9/2013 11:47:45 a.m. | ||
| 999 |
_c8100 _d8100 |
||